00770 a2200217 4500003000500000005001700005010001600022020001500038040000900053082001400062245005600076260004800132300003400180440003700214505018700251650001500438650002900453650001900482650002800501700002300529NUST20221230184943.0 a 78002753 a0839112033 cNust00a363.6,NOI00aNoise and audiology /cedited by David M. Lipscomb. aBaltimore :bUniversity Park Press,cc1978. axii, 476 p. :bill. ;c24 cm. 0aPerspectives in audiology series aBackground Information (Page-3), Auditory of Noise Exposure (Page-83), Government activities in Noise Control (Page-245), Role of Audiologists in Noise Related Activities (Page-299). 0aAudiology. 0aDeafness, Noise induced. 0aNoise control. 0aNoisexAdverse effects.1 aLipscomb, David M.